书目信息 |
| 题名: |
新闻报道与写作
|
|
| 作者: | 麦尔文.曼切尔 著 | |
| 分册: | ||
| 出版信息: | 北京 中国广播电视出版社 1981.02 |
|
| 页数: | 243页 | |
| 开本: | 32开 | |
| 丛书名: | ||
| 单 册: | ||
| 中图分类: | G212.2 | |
| 科图分类: | ||
| 主题词: | 新闻学 , 新闻工作 | |
| 电子资源: | ||
| ISBN: | ||
| 000 | 00584nam0 2200205 45 | |
| 001 | 0008041596 | |
| 005 | 20000804154827.0 | |
| 010 | @d9.50元 | |
| 100 | @a20000804d1981 km y0chiy0120 ea | |
| 101 | 0 | @achi |
| 105 | @a z 000yy | |
| 200 | 1 | @a新闻报道与写作@AXin Wen Bao Dao Yu Xie Zuo@f(美)麦尔文.曼切尔 著@F(Mei)Mai Er Wen.Man Qie Er Zhu |
| 210 | @a北京@c中国广播电视出版社@d1981.02 | |
| 215 | @a243页@d32开 | |
| 606 | 0 | @a新闻学 |
| 606 | 0 | @a新闻工作 |
| 690 | @aG212.2@v3 | |
| 701 | 0 | @a麦尔文.曼切尔@4著 |
| 801 | @aCN@bPftUser@c20000804 | |
| 905 | @b89697-699@dG212.2@eM224@f3 | |
| 新闻报道与写作/(美)麦尔文.曼切尔 著.-北京:中国广播电视出版社,1981.02 |
| 243页;32开 |
| ISBN :9.50元 |
| ● |
| 相关链接 |
|
|
|
正题名:新闻报道与写作
索取号:G212.2/M224
 
预约/预借
| 序号 | 登录号 | 条形码 | 馆藏地/架位号 | 状态 | 备注 |
| 1 | 89697 | 200896977 | 社科库409/409社科库 57排5列3层/ [索取号:G212.2/M224] | 在馆 | |
| 2 | 89698 | 200896986 | 社科库409/409社科库 57排5列3层/ [索取号:G212.2/M224] | 在馆 | |
| 3 | 89699 | 200896995 | 社科库409/409社科库 57排5列3层/ [索取号:G212.2/M224] | 在馆 |